Report determining the efficacy of the communication strategies employed in the sarve shiksha abhiyan (Record no. 905888)

MARC details
000 -LEADER
fixed length control field 00987nam a2200265Ia 4500
003 - CONTROL NUMBER IDENTIFIER
control field OSt
005 - DATE AND TIME OF LATEST TRANSACTION
control field 20220930204325.0
008 - FIXED-LENGTH DATA ELEMENTS--GENERAL INFORMATION
fixed length control field 220926b |||||||| |||| 00| 0 eng d
037 ## - SOURCE OF ACQUISITION
Terms of availability Dissertations
040 ## - CATALOGING SOURCE
Original cataloging agency CRL
Transcribing agency CRL
Language of cataloging eng
041 ## - LANGUAGE CODE
Source of code eng
Language code of text/sound track or separate title eng
100 ## - MAIN ENTRY--PERSONAL NAME
Personal name Pathak Samarth
9 (RLIN) 566848
110 ## - MAIN ENTRY--CORPORATE NAME
Corporate name or jurisdiction name as entry element University of Delhi. Delhi College of Arts and Commerce. Department of Journalism
245 #0 - TITLE STATEMENT
Title Report determining the efficacy of the communication strategies employed in the sarve shiksha abhiyan
Remainder of title Case study of Bheesi Jhargaon Village of Uttar Pradesh and Ratanpur Sadak Village of Madhya Pradesh
260 ## - PUBLICATION, DISTRIBUTION, ETC.
Date of publication, distribution, etc. 2008
300 ## - PHYSICAL DESCRIPTION
Extent vp
Dimensions cm.
650 ## - SUBJECT ADDED ENTRY--TOPICAL TERM
Topical term or geographic name entry element JOUNRALISM
9 (RLIN) 3876
700 ## - ADDED ENTRY--PERSONAL NAME
Personal name Dr. S. D. Tripathi Gu.
700 ## - ADDED ENTRY--PERSONAL NAME
Personal name University of Delhi. Delhi College of Arts and Commerce. Department of Journalism
942 ## - ADDED ENTRY ELEMENTS (KOHA)
Koha item type Dissertations
Source of classification or shelving scheme Colon Classification (CC)

No items available.

Copyright @ Delhi University Library System